000 02522aam a2200361 i 4500
001 768714001
003 CO-MdFUSB
005 20231129170605.0
007 ta
008 231003t20042006flu||||g |||| 00| 0 spa d
020 _a0789913461
040 _aCO-MdFUSB
_bspa
_cCO-MdFUSB
_dCO-MdFUSBC
_erda
041 _aspa
_heng
082 _223
_a248.4
_bST787
100 _aStanley, Andy,
_eautor
240 _aBest question ever, the
245 3 _aLa mejor de las preguntas?
_b
_c/ Andy Stanley ; traducido por Dr. Andrés Carrodeguas
250 _aprimera edición
264 1 _aMiami, Florida :
_bUnilit,
_c[2004]
264 4 _c©2006
300 _a171 páginas
_c; 21 cm
336 _2rdacontent
_atexto
_btxt
337 _2rdamedia
_asin mediación
_bn
338 _2rdacarrier
_avolumen
_bnc
505 _aPrimera Parte La pregunta: Necio y más necio -- Una pregunta muy incómoda -- La pendiente resbalosa -- El control del clima -- Dominar la ola -- Sabiduría de temporada -- Mirar adelante -- Segunda Parte Una cuestión de tiempo: Los ladrones de tiempo -- Viva para aprender -- Tercera Parte Una cuestión de dinero: Sabiduría con el dinero -- Una sabiduría poco convencional -- Cuarta Parte Una cuestión de moral: Sexo para tontos -- En retrospectiva -- Reglas para la vida -- Medidas extremas -- ¡Huya! -- Quinta Parte Sabiduría para el que la pida: El juego del escondite -- Saber lo que usted no sabe -- Asunto de todos -- Escuchar y aprender -- Sexta Parte La mejor de las decisiones: Perfeccione su actuación futura -- El principio de la sabiduría.
520 _a"la mejor de las preguntas presenta un principio imprescindible para todo aquel que quiera recibir lo mejor de cuanto Dios tiene para él. Hace años que escuché a Andy enseñar este material, y desde entonces me he estado haciendo esa misma pregunta". TODO FIELDS artista y compositor cristiano. "la mejor de las preguntas se ha convertido en un filtro permanente para todas mis decisiones". ANDY HARBOUR primer vicepresidente de Inversiones, Gerente Principal de Carteras de Smith Barney. "he podido ver como esta pregunta transforma por completo la forma en que tanto estudiantes como adultos toman sus decisiones. En realidad, se trata de la mejor de las preguntas". LANNY DONOHO. Presidente y fundador de Big Stuff Productions.
563 _aRustico
650 0 _919
_aVida cristiana
653 _aToma de decisiones
700 _95347
_aCarrodeguas, Andrés,
_etraductor
942 _cBK
945 _asor1564
999 _c69095
_d69095